(NEW) Merged Team Logos #2 - Statistics

General Stats
  • This quiz has been taken 340 times
  • The average score is 14 of 18
Answer Stats
Hint Answer % Correct
1 EDward Gaming
100%
2 KRÜ Esports
100%
7 DetonatioN FocusMe
99%
6 FunPlusPhoenix
99%
9 Trace Esports
99%
4 Xi Lai Gaming
99%
3 Nongshim RedForce
98%
3 Paper Rex
98%
4 Team Vitality
97%
5 2Game Esports
96%
5 JD Gaming
92%
1 Evil Geniuses
91%
6 FOKUS
63%
8 ZETA DIVISION
51%
2 Team Liquid
42%
7 100 Thieves
38%
8 ENVY
35%
9 FENNEL
20%
No matching quizzes found
Score Distribution
Percent of People with Each Score
Percentile by Number Answered
Your Score History
You have not taken this quiz